000 00351 a2200145 4500
001 121474
020 _a9788540309074
040 _cEscola Canadense de Niteroi
100 _aMaria Amélia Vieira
245 1 0 _aViver Valores - Língua Portuguesa 1º Ano
362 0 _a2018
490 0 _aViver Valores
650 4 _aLíngua Portuguesa
942 _cBK
999 _c121474
_d121474